Zastosowania programowania liniewego w rolnictwie i przemysle spozywczym
Na minha lista:
| Formato: | Livro |
|---|---|
| Idioma: | polonês |
| Publicado em: |
Warszawa
Wyd. Naukowe
1990
|
| Edição: | 2. zmien. wyd. |
| Tags: |
Sem tags, seja o primeiro a adicionar uma tag!
|
MARC
| LEADER | 00000nam a2200000 4500 | ||
|---|---|---|---|
| 001 | c039892 | ||
| 005 | 20260120135745.8 | ||
| 041 | 0 | |a pol | |
| 044 | |a PL | ||
| 245 | 1 | 0 | |a Zastosowania programowania liniewego w rolnictwie i przemysle spozywczym |c Czeslaw Platt |
| 250 | |a 2. zmien. wyd. | ||
| 264 | 1 | |a Warszawa |b Wyd. Naukowe |c 1990 | |
| 300 | |a 250 s. | ||